000 00490nam a22002177a 4500
003 UA-OsUOA
001 56654
007 ta
008 20081105b un ||||| |||| 00| 0 ukr d
100 _aБыков Д.
090 _a2
_bБ95
942 _cSA
040 _aUA-OsUOA
_brus
_cUA-OsUOA
_dUA-OsUOA
245 _aКризис ценностей
300 _aС.34
955 _a0
041 _arus
080 _a2
773 0 _w56650
650 7 _a2 Релігія. Теологія.
_2UDC
999 _c342744
_d342744